[Event "FICGS W-ch final email"]
[Site "FICGS email"]
[Date "2018.03.07"]
[Round "1"]
[White "Hamby, Stephen"]
[Black "Munoz Portugal, Guillermo"]
[Result "1/2-1/2"]
[WhiteElo "2219"]
[BlackElo "2175"]
[PlyCount "64"]
[EventDate "2018.??.??"]
[EventType "tourn (corr)"]
[EventRounds "6"]
[EventCategory "5"]
[SourceTitle "Corr 2022"]
[Source "ChessBase"]
[SourceDate "2021.10.24"]
[SourceVersion "1"]
[SourceVersionDate "2021.10.24"]
[SourceQuality "1"]

1. d4 Nf6 2. c4 e6 3. Nc3 d5 4. Nf3 c6 5. e3 Nbd7 6. Bd3 dxc4 7. Bxc4 b5 8. Bd3 Bb7 9. a3 Bd6 10. Nd2 0-0 11. 0-0 e5 12. Qf3 Rb8 13. Rd1 exd4 14. exd4 c5 15. Qh3 cxd4 16. Nxb5 Nc5 17. Nxd6 Qxd6 18. Bf1 Ne6 19. b4 Rbc8 20. Nc4 Qe7 21. Ne5 Qc7 22. Re1 Ne4 23. Nd3 Qc3 24. Bf4 Rfd8 25. Qg4 Nf6 26. Qh4 Be4 27. Red1 Bg6 28. Bg5 Nxg5 29. Qxg5 h6 30. Qa5 Bxd3 31. Bxd3 Rc7 32. Qe5 Nd5 1/2-1/2

[Event "FICGS W-ch st1 gM 01 email"]
[Site "FICGS email"]
[Date "2018.03.02"]
[Round "1"]
[White "Bergmann, Michael"]
[Black "Hamby, Stephen"]
[Result "1/2-1/2"]
[WhiteElo "2265"]
[BlackElo "2219"]
[PlyCount "51"]
[EventDate "2018.??.??"]
[EventType "tourn (corr)"]
[EventRounds "6"]
[EventCategory "1"]
[SourceTitle "Corr 2022"]
[Source "ChessBase"]
[SourceDate "2021.10.24"]
[SourceVersion "1"]
[SourceVersionDate "2021.10.24"]
[SourceQuality "1"]

1. e4 e6 2. d4 d5 3. Nd2 Nf6 4. e5 Nfd7 5. Bd3 c5 6. c3 Nc6 7. Ne2 cxd4 8. cxd4 f6 9. exf6 Nxf6 10. Nf3 Bd6 11. 0-0 0-0 12. Bf4 Bxf4 13. Nxf4 Ne4 14. Ne2 Bd7 15. Rc1 Qe7 16. Nc3 Ng5 17. Ne5 Nxe5 18. dxe5 Qb4 19. Qd2 Qg4 20. Kh1 Bc6 21. f4 d4 22. Nb5 Nf3 23. Qe2 Qxf4 24. gxf3 Bxf3+ 25. Qxf3 Qxf3+ 26. Rxf3 1/2-1/2

[Event "FICGS W-ch st1 gM 01 email"]
[Site "FICGS email"]
[Date "2018.03.02"]
[Round "1"]
[White "Hamby, Stephen"]
[Black "Kireev, Sergey Ivanovich"]
[Result "1/2-1/2"]
[WhiteElo "2219"]
[BlackElo "2203"]
[PlyCount "36"]
[EventDate "2018.??.??"]
[EventType "tourn (corr)"]
[EventRounds "6"]
[EventCategory "1"]
[SourceTitle "Corr 2022"]
[Source "ChessBase"]
[SourceDate "2021.10.24"]
[SourceVersion "1"]
[SourceVersionDate "2021.10.24"]
[SourceQuality "1"]

1. c4 c6 2. d4 d5 3. Nc3 Nf6 4. Nf3 e6 5. e3 Nbd7 6. Nd2 Bd6 7. g4 h6 8. Bg2 e5 9. cxd5 cxd5 10. 0-0 e4 11. f3 exf3 12. Qxf3 0-0 13. a4 Bb8 14. a5 a6 15. Nxd5 Nxd5 16. Qxd5 Qh4 17. Qh5 Bxh2+ 18. Kh1 Bg3+ 1/2-1/2

[Event "FICGS W-ch st1 gM 01 email"]
[Site "FICGS email"]
[Date "2018.03.02"]
[Round "1"]
[White "Hamby, Stephen"]
[Black "Ortiz, Clodomiro"]
[Result "1/2-1/2"]
[WhiteElo "2219"]
[BlackElo "2217"]
[PlyCount "66"]
[EventDate "2018.??.??"]
[EventType "tourn (corr)"]
[EventRounds "6"]
[EventCategory "1"]
[SourceTitle "Corr 2022"]
[Source "ChessBase"]
[SourceDate "2021.10.24"]
[SourceVersion "1"]
[SourceVersionDate "2021.10.24"]
[SourceQuality "1"]

1. d4 Nf6 2. c4 e6 3. Nc3 Bb4 4. f3 d5 5. a3 Bxc3+ 6. bxc3 c5 7. cxd5 exd5 8. e3 b6 9. Bd3 0-0 10. Ne2 Re8 11. 0-0 Nc6 12. Qe1 Bb7 13. Ng3 a5 14. Rb1 Ba6 15. Bxa6 Rxa6 16. Qe2 Ra7 17. a4 cxd4 18. Qb5 Re6 19. cxd4 Ne7 20. Rd1 Rc7 21. Ne2 Nf5 22. Bd2 h6 23. Nf4 Rec6 24. Qd3 Nd6 25. Be1 Qe8 26. h4 Rb7 27. Bg3 Rc8 28. Ra1 b5 29. axb5 Rxb5 30. h5 Rc4 31. Rab1 Qc6 32. Nxd5 Rxd5 33. Bxd6 Rxd6 1/2-1/2

[Event "FICGS W-ch st2 g01 email"]
[Site "FICGS email"]
[Date "2017.02.28"]
[Round "1"]
[White "Pareschi, Remo"]
[Black "Hamby, Stephen"]
[Result "1/2-1/2"]
[WhiteElo "1950"]
[BlackElo "2212"]
[PlyCount "54"]
[EventDate "2017.??.??"]
[EventType "tourn (corr)"]
[EventRounds "8"]
[SourceTitle "Corr 2022"]
[Source "ChessBase"]
[SourceDate "2021.10.24"]
[SourceVersion "1"]
[SourceVersionDate "2021.10.24"]
[SourceQuality "1"]

1. d4 Nf6 2. c4 g6 3. Nc3 Bg7 4. e4 d6 5. Nge2 a6 6. Ng3 h5 7. h3 h4 8. Nge2 b5 9. cxb5 axb5 10. Nxb5 Nxe4 11. Qc2 c6 12. Qxe4 d5 13. Qf3 cxb5 14. Nc3 b4 15. Nxd5 Ra5 16. Bc4 0-0 17. 0-0 Be6 18. Ne3 Bxc4 19. Nxc4 Rf5 20. Qg4 Qxd4 21. Be3 Qxg4 22. hxg4 Rb5 23. Rfd1 Nc6 24. Rac1 Ne5 25. Nxe5 Bxe5 26. Rc5 Rfb8 27. Rxb5 Rxb5 1/2-1/2

[Event "FICGS W-ch st1 gN 01 email"]
[Site "FICGS email"]
[Date "2016.11.02"]
[Round "1"]
[White "Hamby, Stephen"]
[Black "Bergmann, Michael"]
[Result "1/2-1/2"]
[WhiteElo "2213"]
[BlackElo "2226"]
[PlyCount "49"]
[EventDate "2016.??.??"]
[EventType "tourn (corr)"]
[EventRounds "6"]
[SourceTitle "Corr 2022"]
[Source "ChessBase"]
[SourceDate "2021.10.24"]
[SourceVersion "1"]
[SourceVersionDate "2021.10.24"]
[SourceQuality "1"]

1. d4 Nf6 2. c4 e6 3. Nc3 d5 4. Nf3 c6 5. e3 Nbd7 6. Bd3 dxc4 7. Bxc4 b5 8. Bd3 Bb7 9. e4 b4 10. Na4 c5 11. e5 Nd5 12. 0-0 Rc8 13. Nxc5 Nxc5 14. dxc5 Bxc5 15. Ng5 Be7 16. Nxh7 g6 17. Bb5+ Bc6 18. Bxc6+ Rxc6 19. Qa4 Qc7 20. Ng5 Nb6 21. Qb5 0-0 22. Nf3 Nc4 23. b3 Rb8 24. Qa4 Nb6 25. Qa6 1/2-1/2

[Event "FICGS W-ch st1 gN 01 email"]
[Site "FICGS email"]
[Date "2016.11.02"]
[Round "1"]
[White "Hamby, Stephen"]
[Black "Fric, Lubos"]
[Result "1/2-1/2"]
[WhiteElo "2213"]
[BlackElo "2199"]
[PlyCount "80"]
[EventDate "2016.??.??"]
[EventType "tourn (corr)"]
[EventRounds "6"]
[SourceTitle "Corr 2022"]
[Source "ChessBase"]
[SourceDate "2021.10.24"]
[SourceVersion "1"]
[SourceVersionDate "2021.10.24"]
[SourceQuality "1"]

1. Nf3 Nf6 2. c4 c6 3. Nc3 d5 4. e3 e6 5. b3 Bd6 6. Bb2 0-0 7. Rc1 Nbd7 8. d4 Qe7 9. Bd3 Re8 10. h3 dxc4 11. Bxc4 e5 12. 0-0 b5 13. dxe5 Nxe5 14. Be2 Bf5 15. Nh4 Be6 16. Re1 Nfd7 17. Nf3 Nxf3+ 18. Bxf3 Ne5 19. Be4 f5 20. Bxc6 Nxc6 21. Nxb5 Bc5 22. Qc2 Bb4 23. Qxc6 Bxe1 24. Rxe1 Rac8 25. Qa6 Rc2 26. Bd4 Qd7 27. Nc3 Rc8 28. Ne2 R8c6 29. Qa4 h6 30. Qxa7 Qxa7 31. Bxa7 Ra6 32. Nd4 Rcxa2 33. Bc5 Bd7 34. b4 Rb2 35. e4 fxe4 36. Rxe4 Rf6 37. Ne2 Rd2 38. Ng3 Re6 39. Rf4 Kh7 40. Rf7 Kg6 1/2-1/2

[Event "FICGS W-ch st1 gN 01 email"]
[Site "FICGS email"]
[Date "2016.11.02"]
[Round "1"]
[White "Hamby, Stephen"]
[Black "Van Mechelen, Jan"]
[Result "1-0"]
[WhiteElo "2213"]
[BlackElo "2210"]
[PlyCount "29"]
[EventDate "2016.??.??"]
[EventType "tourn (corr)"]
[EventRounds "6"]
[SourceTitle "Corr 2022"]
[Source "ChessBase"]
[SourceDate "2021.10.24"]
[SourceVersion "1"]
[SourceVersionDate "2021.10.24"]
[SourceQuality "1"]

1. c4 f5 2. d4 Nf6 3. Nc3 d6 4. Bg5 Nbd7 5. Qc2 g6 6. 0-0-0 Bg7 7. h4 c6 8. Nh3 e5 9. dxe5 dxe5 10. e4 h6 11. exf5 hxg5 12. hxg5 gxf5 13. Qxf5 0-0 14. Qe6+ Rf7 15. g6 1-0

[Event "FICGS rapid M 000084 email"]
[Site "FICGS email"]
[Date "2016.09.23"]
[Round "1"]
[White "Markus, Roland"]
[Black "Hamby, Stephen"]
[Result "1/2-1/2"]
[WhiteElo "2223"]
[BlackElo "2190"]
[PlyCount "100"]
[EventDate "2016.??.??"]
[EventType "tourn (rapid)"]
[EventRounds "6"]
[SourceTitle "Corr 2022"]
[Source "ChessBase"]
[SourceDate "2021.10.24"]
[SourceVersion "1"]
[SourceVersionDate "2021.10.24"]
[SourceQuality "1"]

1. e4 c5 2. Nf3 d6 3. d4 cxd4 4. Nxd4 Nf6 5. Nc3 a6 6. Be3 e5 7. Nb3 Be6 8. f3 Be7 9. Qd2 0-0 10. 0-0-0 Nbd7 11. g4 b5 12. g5 b4 13. Ne2 Ne8 14. f4 a5 15. f5 a4 16. Nbd4 exd4 17. Nxd4 b3 18. Kb1 bxc2+ 19. Nxc2 Bb3 20. axb3 axb3 21. Na3 Ne5 22. h4 Ra4 23. Bd4 Qa8 24. Qe3 Kh8 25. Bb5 Ra5 26. Bc3 Rxb5 27. Nxb5 Qa2+ 28. Kc1 Nc4 29. Qd3 Qa1+ 30. Qb1 Qa4 31. Na3 Ne5 32. Rh3 Qc6 33. Kd2 f6 34. Bxe5 dxe5 35. Rxb3 fxg5 36. Qc2 Qa8 37. h5 Nf6 38. Kc1 Rc8 39. Rc3 Rxc3 40. Qxc3 Qxe4 41. Nc2 Qf4+ 42. Kb1 g4 43. Re1 g3 44. Rg1 Qxf5 45. Qxg3 Nxh5 46. Qg2 h6 47. Re1 Nf6 48. Qf1 Qxf1 49. Rxf1 Kh7 50. b4 Nd5 1/2-1/2

[Event "FICGS W-ch st1 g01 email"]
[Site "FICGS email"]
[Date "2016.03.02"]
[Round "1"]
[White "Cirulis, Ilmars"]
[Black "Hamby, Stephen"]
[Result "0-1"]
[WhiteElo "1973"]
[BlackElo "2138"]
[PlyCount "90"]
[EventDate "2016.??.??"]
[EventType "tourn (corr)"]
[EventRounds "8"]
[SourceTitle "Corr 2022"]
[Source "ChessBase"]
[SourceDate "2021.10.24"]
[SourceVersion "1"]
[SourceVersionDate "2021.10.24"]
[SourceQuality "1"]

1. b4 e5 2. a3 d5 3. Bb2 Bd6 4. e3 Nf6 5. c4 c6 6. Nf3 e4 7. Nd4 dxc4 8. Nc3 0-0 9. Bxc4 Nbd7 10. Qc2 Ne5 11. Be2 Re8 12. Nxe4 Nxe4 13. Qxe4 Nc4 14. Qc2 Nxb2 15. Nf3 Qf6 16. d4 Qg6 17. Qxb2 Qxg2 18. Rg1 Qh3 19. d5 Bf8 20. dxc6 bxc6 21. Qc3 Be6 22. Qxc6 Qh6 23. Rd1 a5 24. bxa5 Rec8 25. Qa4 Rc3 26. Ra1 Rc5 27. a6 Bc8 28. Rg3 Bxa6 29. Bxa6 Rxa6 30. Qe4 Qf6 31. Nd4 Re6 32. Qd3 Rb6 33. Kf1 Rb2 34. Rg2 Qb6 35. a4 Qc7 36. Rg3 Qb7 37. Rg2 g6 38. a5 Qc8 39. Qd1 Bg7 40. Kg1 Rbc2 41. Nxc2 Bxa1 42. f4 Bc3 43. Rg5 Rc7 44. Rd5 Bf6 45. Rd2 Rc5 0-1

[Event "FICGS W-ch st1 g01 email"]
[Site "FICGS email"]
[Date "2016.03.02"]
[Round "1"]
[White "Hamby, Stephen"]
[Black "Vasquez, Fernando Jose Pinto"]
[Result "1/2-1/2"]
[WhiteElo "2138"]
[BlackElo "1986"]
[PlyCount "59"]
[EventDate "2016.??.??"]
[EventType "tourn (corr)"]
[EventRounds "8"]
[SourceTitle "Corr 2022"]
[Source "ChessBase"]
[SourceDate "2021.10.24"]
[SourceVersion "1"]
[SourceVersionDate "2021.10.24"]
[SourceQuality "1"]

1. d4 Nf6 2. c4 e6 3. Nc3 d5 4. Nf3 Be7 5. Bf4 0-0 6. e3 Nbd7 7. Be2 dxc4 8. Bxc4 a6 9. a4 c5 10. 0-0 cxd4 11. Qxd4 b6 12. Rfd1 Bb7 13. Be2 Nc5 14. Nd2 Bc6 15. Qxd8 Rfxd8 16. Nc4 Rxd1+ 17. Rxd1 Bxa4 18. Ra1 b5 19. Nb6 Rd8 20. Nbxa4 bxa4 21. Nxa4 Rd2 22. Kf1 Nxa4 23. Rxa4 Rxb2 24. Bxa6 Rb1+ 25. Ke2 Nd5 26. Be5 Bf6 27. Bxf6 Nxf6 28. Ra5 g6 29. Kf3 Kg7 30. Bd3 1/2-1/2

[Event "FICGS rapid M 000081 email"]
[Site "FICGS email"]
[Date "2015.11.19"]
[Round "1"]
[White "Hamby, Stephen"]
[Black "Helmer, Janos"]
[Result "1-0"]
[WhiteElo "2170"]
[BlackElo "2210"]
[PlyCount "113"]
[EventDate "2015.??.??"]
[EventType "tourn (rapid)"]
[EventRounds "6"]
[SourceTitle "Corr 2022"]
[Source "ChessBase"]
[SourceDate "2021.10.24"]
[SourceVersion "1"]
[SourceVersionDate "2021.10.24"]
[SourceQuality "1"]

1. d4 Nf6 2. c4 g6 3. Nc3 Bg7 4. e4 d6 5. Nf3 0-0 6. Be2 e5 7. 0-0 Nc6 8. d5 Ne7 9. Ne1 Nd7 10. Be3 f5 11. f3 f4 12. Bf2 g5 13. a4 a5 14. Nd3 b6 15. b4 axb4 16. Nxb4 Nf6 17. Nd3 h5 18. Nb5 g4 19. Qd2 gxf3 20. gxf3 Bh3 21. Rfb1 Ne8 22. Kh1 Bf6 23. Qd1 Kh7 24. Bf1 Qc8 25. Nxc7 Nxc7 26. Rxb6 Ne8 27. Rc1 Bxf1 28. Qxf1 Qd8 29. c5 Kh6 30. Rb4 Ng6 31. c6 Qa5 32. Bb6 Qa6 33. a5 Rf7 34. Nb2 Qxf1+ 35. Rxf1 Bd8 36. Nc4 Nh4 37. Rb3 Rg7 38. Bf2 Rg6 39. Ra1 Nc7 40. Rab1 Na6 41. Rg1 Nc7 42. Rxg6+ Kxg6 43. Nxd6 Rxa5 44. Bxh4 Bxh4 45. Nc4 Ra1+ 46. Kg2 Ra2+ 47. Kh3 Bf6 48. Rb7 Rc2 49. Rxc7 Rxc4 50. d6 Rc3 51. Rc8 Kf7 52. c7 Rxf3+ 53. Kg2 Rc3 54. d7 Rxc7 55. Rxc7 Bd8 56. Rc5 Ke6 57. Kf3 1-0

[Event "FICGS rapid M 000081 email"]
[Site "FICGS email"]
[Date "2015.11.19"]
[Round "1"]
[White "Hamby, Stephen"]
[Black "Ortiz, Clodomiro"]
[Result "0-1"]
[WhiteElo "2170"]
[BlackElo "2175"]
[PlyCount "96"]
[EventDate "2015.??.??"]
[EventType "tourn (rapid)"]
[EventRounds "6"]
[SourceTitle "Corr 2022"]
[Source "ChessBase"]
[SourceDate "2021.10.24"]
[SourceVersion "1"]
[SourceVersionDate "2021.10.24"]
[SourceQuality "1"]

1. Nf3 d5 2. g3 c6 3. Bg2 Bf5 4. b3 e6 5. Bb2 Nf6 6. 0-0 Nbd7 7. d3 Be7 8. Re1 a5 9. a4 0-0 10. Nbd2 h6 11. e4 Bg4 12. Qe2 Qb6 13. h3 Bh5 14. Rac1 Rfd8 15. g4 Bg6 16. exd5 Nxd5 17. Nc4 Qc7 18. Nfe5 Nf8 19. Nxg6 Nxg6 20. Be4 Ngf4 21. Qf3 Bf6 22. Ne5 g5 23. d4 Nb4 24. Nc4 Rab8 25. c3 Nbd5 26. Ne3 Bg7 27. Nxd5 cxd5 28. Bc2 b5 29. axb5 Rxb5 30. Re3 Rb6 31. Qd1 e5 32. dxe5 Bxe5 33. Ba3 Kg7 34. Bf5 Bf6 35. b4 axb4 36. cxb4 Qb7 37. Bd3 Qa8 38. Qb3 d4 39. Rg3 Re6 40. Rf1 h5 41. Bc1 Rc8 42. gxh5 Rc3 43. Qxc3 Nxh3+ 44. Rxh3 dxc3 45. Bf5 Re5 46. Bc2 g4 47. Rh2 Kh8 48. Rg2 Rxh5 0-1

[Event "FICGS W-ch st2 g02 email"]
[Site "FICGS email"]
[Date "2015.09.05"]
[Round "1"]
[White "Cornel, Matei"]
[Black "Hamby, Stephen"]
[Result "1/2-1/2"]
[WhiteElo "2197"]
[BlackElo "2138"]
[PlyCount "93"]
[EventDate "2015.??.??"]
[EventType "tourn (corr)"]
[EventRounds "8"]
[SourceTitle "Corr 2022"]
[Source "ChessBase"]
[SourceDate "2021.10.24"]
[SourceVersion "1"]
[SourceVersionDate "2021.10.24"]
[SourceQuality "1"]

1. e4 e6 2. d4 d5 3. Nc3 Nf6 4. e5 Nfd7 5. f4 c5 6. Nf3 Nc6 7. Be3 a6 8. Qd2 b5 9. Be2 Qb6 10. Nd1 Be7 11. 0-0 0-0 12. c3 b4 13. dxc5 Bxc5 14. cxb4 Nxb4 15. Nd4 a5 16. a3 Nc6 17. Nxc6 Qxc6 18. Rc1 Bxe3+ 19. Qxe3 Qb7 20. a4 Rb8 21. Nc3 Qb4 22. Rfd1 Nb6 23. Rd4 Qxb2 24. Bb5 Nc4 25. Bxc4 dxc4 26. Rb1 Qxb1+ 27. Nxb1 Rxb1+ 28. Kf2 Bb7 29. f5 Rc8 30. Qc3 Bd5 31. f6 Kh8 32. h3 Rb3 33. Qd2 c3 34. Qg5 Rb2+ 35. Ke3 Rxg2 36. Rg4 Rxg4 37. hxg4 gxf6 38. exf6 Rg8 39. Qf4 Bb3 40. Qc7 c2 41. Kd2 Bxa4 42. Qxa5 Bb3 43. g5 h6 44. Kc1 Kh7 45. Qc7 e5 46. Kb2 Rxg5 47. Kxb3 1/2-1/2

[Event "FICGS W-ch st2 g02 email"]
[Site "FICGS email"]
[Date "2015.09.05"]
[Round "1"]
[White "Hamby, Stephen"]
[Black "Ortiz, Clodomiro"]
[Result "1/2-1/2"]
[WhiteElo "2138"]
[BlackElo "2125"]
[PlyCount "57"]
[EventDate "2015.??.??"]
[EventType "tourn (corr)"]
[EventRounds "8"]
[SourceTitle "Corr 2022"]
[Source "ChessBase"]
[SourceDate "2021.10.24"]
[SourceVersion "1"]
[SourceVersionDate "2021.10.24"]
[SourceQuality "1"]

1. c4 e5 2. g3 Nf6 3. Bg2 Nc6 4. Nc3 Bb4 5. Nf3 0-0 6. 0-0 d6 7. d3 Re8 8. Nd5 Nxd5 9. cxd5 Ne7 10. d4 e4 11. Ng5 h6 12. Nxe4 Nxd5 13. a3 Ba5 14. Nd2 Nf6 15. Nc4 Bb6 16. Nxb6 axb6 17. d5 Bf5 18. f3 c6 19. e4 Bg6 20. dxc6 bxc6 21. b4 d5 22. Bb2 dxe4 23. Qxd8 Rexd8 24. Bxf6 gxf6 25. fxe4 Kg7 26. Rfc1 Rd2 27. Bh1 Re8 28. e5 Rxe5 29. Bxc6 1/2-1/2

[Event "FICGS W-ch st2 g02 email"]
[Site "FICGS email"]
[Date "2015.09.05"]
[Round "1"]
[White "Schmid, Pablo"]
[Black "Hamby, Stephen"]
[Result "1-0"]
[WhiteElo "2301"]
[BlackElo "2138"]
[PlyCount "125"]
[EventDate "2015.??.??"]
[EventType "tourn (corr)"]
[EventRounds "8"]
[SourceTitle "Corr 2022"]
[Source "ChessBase"]
[SourceDate "2021.10.24"]
[SourceVersion "1"]
[SourceVersionDate "2021.10.24"]
[SourceQuality "1"]

1. e4 e6 2. d4 d5 3. Nc3 Nf6 4. e5 Nfd7 5. f4 c5 6. Nf3 Nc6 7. Be3 Qb6 8. Na4 Qa5+ 9. c3 c4 10. b4 Qc7 11. Be2 b5 12. Nc5 Nxc5 13. bxc5 b4 14. cxb4 Nxb4 15. Bd2 Nc6 16. Bc3 Rb8 17. 0-0 Bd7 18. Qd2 Be7 19. Ne1 g6 20. Nc2 h5 21. Ne3 Qc8 22. Rf3 Bf8 23. Rh3 Bh6 24. Bd1 Ne7 25. Qf2 Bc6 26. Qh4 Ng8 27. Rf3 Qd8 28. Qe1 Ne7 29. Rf1 Qd7 30. a4 Bf8 31. Qd2 Nf5 32. Nxf5 gxf5 33. h4 Be7 34. g3 Qd8 35. Ba5 Qc8 36. Bf3 Kd7 37. Kh2 Qf8 38. Rfb1 Qg7 39. Qe1 Rhg8 40. Rxb8 Rxb8 41. Rb1 Rg8 42. Rb2 f6 43. Re2 fxe5 44. Rxe5 Qh6 45. Bxh5 Bxh4 46. gxh4 Bxa4 47. c6+ Bxc6 48. Bd1 Qxf4+ 49. Kh3 Qxd4 50. Bc3 Qg1 51. Bf3 Qxe1 52. Rxe1 d4 53. Bxc6+ Kxc6 54. Bxd4 Kd5 55. Bf6 Rg6 56. Bb2 Rg8 57. Re5+ Kd6 58. Ra5 a6 59. Ba3+ Kd7 60. Rxa6 f4 61. h5 Rg1 62. Kh4 f3 63. Bc5 1-0

[Event "FICGS W-ch st2 g05 email"]
[Site "FICGS email"]
[Date "2014.12.09"]
[Round "1"]
[White "Gray, Garvin"]
[Black "Hamby, Stephen"]
[Result "1/2-1/2"]
[WhiteElo "2243"]
[BlackElo "2157"]
[PlyCount "43"]
[EventDate "2014.??.??"]
[EventType "tourn (corr)"]
[EventRounds "8"]
[SourceTitle "Corr 2022"]
[Source "ChessBase"]
[SourceDate "2021.10.24"]
[SourceVersion "1"]
[SourceVersionDate "2021.10.24"]
[SourceQuality "1"]

1. Nf3 Nf6 2. Nc3 d5 3. d3 c5 4. g3 Nc6 5. Bg2 d4 6. Nb1 e5 7. 0-0 Be7 8. Nbd2 Bg4 9. Nc4 Nd7 10. c3 0-0 11. a4 Be6 12. a5 Bxc4 13. dxc4 Nxa5 14. e3 Bf6 15. cxd4 cxd4 16. exd4 exd4 17. Nd2 Nc6 18. Ne4 Be7 19. Bf4 Nc5 20. Nxc5 Bxc5 21. Qg4 a5 22. Bd5 1/2-1/2